Traťový tlačný remorkér 1000 kW
Na minha lista:
| Autor principal: | |
|---|---|
| Outros Autores: | |
| Formato: | Manuscrito Livro |
| Idioma: | eslovaco |
| Publicado em: |
Bratislava :
STU v Bratislave SjF,
2010
|
| Assuntos: | |
| Acesso em linha: | VAIS |
| Tags: |
Sem tags, seja o primeiro a adicionar uma tag!
|
MARC
| LEADER | 00000ntm a22000003a 4500 | ||
|---|---|---|---|
| 001 | stu218639 | ||
| 005 | 20150617230113.4 | ||
| 008 | 101207s2010----xo------------------slo-d | ||
| 040 | |a STU |b slo | ||
| 041 | 0 | |a slo | |
| 044 | |a xo | ||
| 100 | 1 | |a Makva, Michal, |d 1985- |4 aut |u J0030 |U SjF Strojnícka fakulta |T SjF Ústav dopravnej techniky a konštruovania |X 26367 |U J0030 |Y 806 |7 A000026367 | |
| 242 | 0 | 0 | |a Schubschlepper 1000 kW |y eng |
| 245 | 1 | |a Traťový tlačný remorkér 1000 kW | |
| 260 | |a Bratislava : |b STU v Bratislave SjF, |c 2010 | ||
| 650 | 7 | |a automobily, lode a spaľovacie motory |2 stusub | |
| 650 | 7 | |a Automobiles, Ships and Combustion Engines |2 estusub | |
| 650 | 7 | |a technický popis |2 stusub | |
| 700 | 1 | |a Patek, Peter, |d 1950- |4 ths |u J0030 |U SjF Strojnícka fakulta |T SjF Ústav dopravnej techniky a konštruovania |X 2413 |U J0030 |Y 806 |7 A000002413 | |
| 856 | 4 | |a info a plný text |u http://is.stuba.sk/zp/portal_zp.pl?podrobnosti=62874 |3 VAIS | |
| 996 | |b 284J039010 |c J*878/DP |l JJSK |s A |a 24 |w stu218639_0001 | ||